[Event "Ch BRD"]
[Site "masterchessopen.com Bad Neuenahr (Germany)"]
[Round "5"]
[White "Rellstab Ludwig Sr (GER)"]
[Black "Scheipl Ralf (GER)"]
[Result "1-0"]
[WhiteElo "2265"]
[BlackElo "2283"]

1.d4 Nf6 2.c4 e6 3.Nc3 Bb4 4.e3 c5 5.Bd3 O-O 6.Nf3 d5 7.O-O Nc6 8.a3 Bxc3
9.bxc3 Qc7 10.Qc2 Na5 11.Ne5 dxc4 12.Nxc4 Nxc4 13.Bxc4 e5 14.dxe5 Qxe5 15.f3
Bd7 16.Rb1 Bc6 17.e4 Rad8 18.Re1 Rd7 19.Bb5 Bxb5 20.Rxb5 a6 21.Rb1 Rfd8 22.Be3
h6 23.a4 Nh5 24.g3 Rd3 25.Bd4 R8xd4 26.cxd4 Qxd4+ 27.Qf2 Qxa4 28.Qxc5 Nf6
29.Qc8+ Ne8 30.Rxb7 Rd2 31.Re7 Kf8 32.Qc5 Rc2 33.Qe5 Qc6 34.Kh1 Nc7 35.Rd1 Rd2
36.Rxf7+ {#r} 1-0

[Event "It"]
[Site "masterchessopen.com Hastings (England)"]
[Round "5"]
[White "Gligoric Svetozar (SRB)"]
[Black "Burger Karl (USA)"]
[Result "1-0"]
[WhiteElo "2447"]
[BlackElo "2310"]

1.d4 Nf6 2.c4 e6 3.Nc3 Bb4 4.e3 O-O 5.Bd3 c5 6.Nf3 d5 7.O-O Nc6 8.a3 Bxc3
9.bxc3 Qc7 10.cxd5 exd5 11.Nh4 Ne7 12.Bb2 c4 13.Bc2 Ng4 14.g3 Qb6 15.Bc1 g5
16.Ng2 Qh6 17.h4 f5 18.f3 gxh4 19.e4 f4 20.Bxf4 Rxf4 21.gxf4 Nf6 22.Qe1 h3
23.Qg3+ Kh8 24.Rf2 hxg2 25.Rxg2 Bh3 26.Qg5 Qxg5 27.Rxg5 h6 28.Rg3 Bd7 29.f5
Bc6 30.e5 Nh5 31.Rh3 Rg8+ 32.Kf2 Nf4 33.Rxh6+ Kg7 34.Rh4 Nd3+ 35.Bxd3 cxd3
36.f6+ Kf8 37.fxe7+ Kxe7 38.Rg4 Rh8 39.Rg7+ {#r} 1-0

[Event "Ch Bulgaria"]
[Site "masterchessopen.com Sofia (Bulgaria)"]
[Round "0"]
[White "Radev Nikolai (BUL)"]
[Black "Popov Luben (BUL)"]
[Result "1-0"]
[WhiteElo "2304"]
[BlackElo "2317"]

1.d4 Nf6 2.c4 e6 3.Nc3 Bb4 4.e3 c5 5.Bd3 Nc6 6.Nf3 d5 7.O-O O-O 8.a3 Bxc3
9.bxc3 Qc7 10.cxd5 exd5 11.Nh4 Ne7 12.g3 Re8 13.f3 b6 14.Ra2 Ng6 15.Nf5 Ne7
16.g4 Ng6 17.g5 Nd7 18.e4 Nf4 19.e5 Nxd3 20.Qxd3 a5 21.Nd6 Re7 22.Rd1 Nf8
23.h4 cxd4 24.cxd4 Qd7 25.Rh2 Qa4 26.h5 Ba6 27.Qc2 Qd7 28.Qb3 Rb8 29.Qxd5 Qa4
30.Re1 Rd8 31.g6 hxg6 32.Bg5 Bb7 33.Qa2 Qxd4+ 34.Qf2 Qxf2+ 35.Kxf2 f6 36.exf6
Rxe1 37.f7+ Kh7 38.Bxd8 Rd1 39.Be7 Ne6 40.Nxb7 {#r} 1-0

[Event "Ch URS (team)"]
[Site "masterchessopen.com Leningrad (Russia)"]
[Round "0"]
[White "Korelov Alexander P (RUS)"]
[Black "Zlotnik Boris A (RUS)"]
[Result "1-0"]
[WhiteElo "2375"]
[BlackElo "2433"]

1.d4 Nf6 2.c4 e6 3.Nc3 Bb4 4.Nf3 c5 5.e3 Nc6 6.Bd3 d5 7.O-O O-O 8.a3 Bxc3
9.bxc3 Qc7 10.cxd5 exd5 11.Nh4 Bg4 12.f3 Bh5 13.Ra2 Rfe8 14.Re2 Rad8 15.a4 Na5
16.Nf5 Bg6 17.g4 Nc4 18.Bxc4 dxc4 19.e4 cxd4 20.cxd4 Bxf5 21.gxf5 Nd7 22.Qe1
Nb8 23.Qc3 a6 24.Rg2 f6 25.Kh1 b5 26.Rfg1 Rd7 27.d5 Rf7 28.axb5 axb5 29.Qb4
Qb6 30.Bh6 Na6 31.Rxg7+ Rxg7 32.Rxg7+ Kh8 33.Qd2 Qb8 34.d6 Qa8 35.Qg2 {#r} 1-0

[Event "Ch URS (team)"]
[Site "masterchessopen.com Leningrad (Russia)"]
[Round "0"]
[White "Taimanov Mark E (RUS)"]
[Black "Averbakh Yuri L (RUS)"]
[Result "1-0"]
[WhiteElo "2386"]
[BlackElo "2445"]

1.d4 Nf6 2.c4 e6 3.Nc3 Bb4 4.e3 O-O 5.Bd3 d5 6.Nf3 c5 7.O-O Nc6 8.a3 Bxc3
9.bxc3 Qc7 10.Bb2 Na5 11.cxd5 exd5 12.Nd2 Ng4 13.Nf3 Re8 14.Re1 Re7 15.dxc5
Qxc5 16.c4 Nxc4 17.Qc2 Qd6 18.Bxc4 dxc4 19.Red1 Qc7 20.Qxc4 Be6 21.Qb4 Rd7
22.h3 Nh6 23.Ng5 Rad8 24.Rxd7 Qxd7 25.e4 b6 26.f4 f6 27.Nf3 Rc8 28.Nd4 Nf7
29.Rd1 Qe8 30.Rd3 Bc4 31.Re3 b5 32.Nf5 Rc7 33.Rg3 Nd8 34.Bxf6 Ne6 35.Be5 Rd7
36.Qc3 Qf8 37.Nh6+ Kh8 38.f5 Qc5+ 39.Kh2 Nd4 40.Nf7+ Rxf7 41.Bxd4 Qc7 42.Be5
Qd7 43.h4 Qe7 44.Bxg7+ {#r} 1-0

[Event "Ch \"]
[Site "masterchessopen.com Kiev (Ukraine)"]
[Round "8"]
[White "Kurass Iskir (UKR)"]
[Black "Sakharov Yuri N (RUS)"]
[Result "0-1"]
[WhiteElo "2340"]
[BlackElo "2475"]

1.c4 Nf6 2.Nc3 e6 3.d4 Bb4 4.e3 c5 5.Bd3 d5 6.Nf3 O-O 7.O-O Nc6 8.a3 Bxc3
9.bxc3 Qc7 10.cxd5 exd5 11.Nh4 Ne7 12.Bb2 c4 13.Bc2 Re8 14.a4 Ng6 15.Nf5 Ne4
16.Ng3 b6 17.Nxe4 dxe4 18.Ba3 Bb7 19.Qh5 Rad8 20.Qg4 Bc6 21.Rfd1 Rd7 22.Rdb1
Qd8 23.Rb4 Bd5 24.a5 Re6 25.Rab1 Nh4 26.Ba4 Rdd6 27.Rb5 Rg6 28.Qh3 Be6 29.Qxh4
Qxh4 30.Bxd6 Rxg2+ 31.Kxg2 Bh3+ 32.Kh1 Qxf2 33.Rg5 Qf3+ 34.Kg1 Qxe3+ 35.Kh1
Qxg5 36.Rg1 Qf6 {#R} 0-1

[Event "Ch Czechoslovakia"]
[Site "masterchessopen.com Prague (Czech Republic)"]
[Round "16"]
[White "Hybl Jaroslav (CZE)"]
[Black "Pachman Ludek (GER)"]
[Result "0-1"]
[WhiteElo "2172"]
[BlackElo "2278"]

1.d4 Nf6 2.c4 e6 3.Nc3 Bb4 4.e3 O-O 5.Bd3 c5 6.Nf3 d5 7.O-O Nc6 8.a3 Bxc3
9.bxc3 Qc7 10.cxd5 exd5 11.Nh4 Ne7 12.g3 c4 13.Bc2 Ng6 14.Ng2 Ne4 15.Qe1 Bf5
16.g4 Ng5 17.Bd1 Bd3 18.Be2 f5 19.f4 Bxe2 20.Qxe2 Ne4 21.gxf5 Ne7 22.Bd2 Nxf5
23.Ne1 Rae8 {#R} 0-1

[Event "It \"]
[Site "masterchessopen.com Beverwijk (Netherlands)"]
[Round "0"]
[White "Van Den Berg Carel B (NED)"]
[Black "Parma Bruno (SLO)"]
[Result "0-1"]
[WhiteElo "2410"]
[BlackElo "2480"]

1.d4 Nf6 2.c4 e6 3.Nc3 Bb4 4.e3 c5 5.Bd3 O-O 6.Nf3 d5 7.O-O Nc6 8.a3 Bxc3
9.bxc3 Qc7 10.Nd2 dxc4 11.Nxc4 e5 12.Bb2 Be6 13.Nxe5 Nxe5 14.dxe5 Qxe5 15.Re1
c4 16.Bf1 Rad8 17.Qe2 Rd3 18.f3 Rfd8 19.Qf2 Rd2 20.Re2 Rxe2 21.Qxe2 Qc5 22.Kh1
b5 23.e4 a5 24.Rd1 Rd7 25.Rd4 b4 26.axb4 axb4 27.e5 bxc3 28.Rxd7 Nxd7 29.Bxc3
Nb6 30.Qd2 Nd5 31.f4 g6 32.Bd4 c3 33.Qd3 Qc6 {#R} 0-1

[Event "Ch Sweden"]
[Site "masterchessopen.com Falkoping (Sweden)"]
[Round "7"]
[White "Akvist Hakan (SWE)"]
[Black "Gonzalez Yuri (CUB)"]
[Result "0-1"]
[WhiteElo "2130"]
[BlackElo "2556"]

1.c4 Nf6 2.Nc3 e6 3.d4 Bb4 4.e3 c5 5.Bd3 Nc6 6.Nf3 d5 7.a3 Bxc3+ 8.bxc3 O-O
9.O-O Qc7 10.cxd5 exd5 11.Qc2 c4 12.Bf5 b5 13.Nd2 Re8 14.Rb1 Rb8 15.Bxc8 Qxc8
16.Re1 Nh5 17.e4 Nf4 18.f3 Nd3 19.Re3 f5 20.e5 f4 21.Rxd3 cxd3 22.Qxd3 a6
23.Nb3 Rf8 24.Nc5 Nxe5 25.Qe2 Ng6 26.a4 Re8 27.Qa2 Qc6 28.axb5 Rxb5 29.Ra1 Kh8
30.Kf2 Qf6 31.g3 Qf5 32.Kg2 h5 33.Qd2 fxg3 34.hxg3 a5 35.Ba3 Kg8 36.Rh1 h4
37.Bc1 hxg3 38.c4 dxc4 39.Ne4 Rxe4 40.fxe4 Qxe4+ {#R} 0-1

[Event "It \"]
[Site "masterchessopen.com Kislovodsk (Russia)"]
[Round "0"]
[White "Geller Efim P (RUS)"]
[Black "Nikitin Aleksander S (RUS)"]
[Result "1-0"]
[WhiteElo "2455"]
[BlackElo "2430"]

1.c4 Nf6 2.Nc3 e6 3.d4 Bb4 4.e3 c5 5.Nf3 O-O 6.Bd3 d5 7.O-O Nc6 8.a3 Bxc3
9.bxc3 Qc7 10.Bb2 Na5 11.cxd5 c4 12.Bc2 exd5 13.Ne5 Nc6 14.Nxc6 Qxc6 15.f3 Re8
16.Qd2 Bd7 17.Qf2 Qb6 18.a4 Bc6 19.Ba3 Qc7 20.Rae1 Re6 21.Bf5 Ree8 22.Qh4 Bxa4
23.Bb1 Re6 24.e4 g6 25.e5 Nh5 26.f4 f5 27.exf6 Rxe1 28.Rxe1 Re8 29.Rf1 Re6
30.f5 Rxf6 31.g4 {#r} 1-0

[Event "Ch URS (1/2 final)"]
[Site "masterchessopen.com Voronezh (Russia)"]
[Round "0"]
[White "Grigorian Karen (RUS)"]
[Black "Osnos Viatcheslav (RUS)"]
[Result "1-0"]
[WhiteElo "2430"]
[BlackElo "2384"]

1.d4 Nf6 2.c4 e6 3.Nc3 Bb4 4.e3 O-O 5.Bd3 c5 6.Nf3 d5 7.O-O Nc6 8.a3 Bxc3
9.bxc3 Qc7 10.cxd5 exd5 11.Bb2 c4 12.Bc2 Bg4 13.Qe1 Ne7 14.Nh4 Be6 15.a4 Rfe8
16.Ba3 Rad8 17.f3 g5 18.e4 Nh5 19.e5 Nf4 20.Qe3 Qd7 21.Bxe7 Qxe7 22.Nf5 Bxf5
23.Bxf5 f6 24.g3 Nh5 25.f4 Kh8 26.Kh1 Ng7 27.Bc2 gxf4 28.gxf4 f5 29.Rg1 Qh4
30.Rg5 Nh5 31.Rag1 Rg8 32.e6 Qxf4 33.Qxf4 Nxf4 34.e7 {#r} 1-0

[Event "Ch URS (1/2 final)"]
[Site "masterchessopen.com Voronezh (Russia)"]
[Round "0"]
[White "Vaganian Rafael A (ARM)"]
[Black "Sakharov Yuri N (RUS)"]
[Result "1-0"]
[WhiteElo "2577"]
[BlackElo "2475"]

1.d4 Nf6 2.c4 e6 3.Nc3 Bb4 4.e3 c5 5.Bd3 O-O 6.Nf3 Nc6 7.O-O d5 8.a3 Bxc3
9.bxc3 Qc7 10.Qc2 Na5 11.Nd2 b6 12.cxd5 exd5 13.dxc5 bxc5 14.c4 dxc4 15.Nxc4
Nxc4 16.Bxc4 Ng4 17.f4 Bb7 18.e4 Rad8 19.h3 Nf6 20.e5 Nd5 21.Re1 Nb6 22.Bd3 c4
23.Bxh7+ Kh8 24.Bf5 c3 25.Qf2 Qe7 26.Be3 Rd5 27.Rac1 Na4 28.Bc2 Nc5 29.f5 Nd3
30.Bxd3 Rxd3 31.f6 Qxe5 32.Bh6 {#r} 1-0

[Event "Cup Clare Benedict"]
[Site "masterchessopen.com Adelboden (Switzerland)"]
[Round "2"]
[White "Pomar Salamanca Arturo (ESP)"]
[Black "Keller Dieter (SUI)"]
[Result "1-0"]
[WhiteElo "2345"]
[BlackElo "2359"]

1.d4 Nf6 2.c4 e6 3.Nc3 Bb4 4.e3 c5 5.Bd3 d5 6.Nf3 O-O 7.O-O Nc6 8.a3 Bxc3
9.bxc3 Qc7 10.cxd5 exd5 11.a4 b6 12.Ba3 Na5 13.Ne5 Bb7 14.Rc1 Rfe8 15.f3 Nc6
16.f4 Na5 17.Rf3 Nc4 18.Bxc4 dxc4 19.Rh3 Rad8 20.Qe2 Bc8 21.Rh4 Bf5 22.Qxc4
Ne4 23.Rh5 Nd6 24.Qe2 g6 25.Rh4 Qe7 26.Qe1 Be4 27.Rh3 Rc8 28.c4 f6 29.Ng4 Bd3
30.Qc3 Be2 31.Nh6+ Kg7 32.dxc5 Nxc4 33.Kf2 Nxa3 34.Qxa3 Rxc5 {#r} 1-0

[Event "It (juniors) (under 20)"]
[Site "masterchessopen.com Zurich (Switzerland)"]
[Round "7"]
[White "Wirthensohn Heinz (SUI)"]
[Black "Schauwecker Meinrad (SUI)"]
[Result "1-0"]
[WhiteElo "2359"]
[BlackElo "2251"]

1.d4 Nf6 2.c4 e6 3.Nc3 Bb4 4.e3 d5 5.Nf3 O-O 6.Bd3 c5 7.O-O Nc6 8.a3 Bxc3
9.bxc3 Qc7 10.cxd5 exd5 11.Bb2 c4 12.Bc2 Re8 13.a4 Bg4 14.Qe1 Bxf3 15.gxf3 Qd7
16.Kh1 Qh3 17.Qd1 Re6 18.Rg1 Ne7 19.Rg3 Qh5 20.Qf1 Nf5 21.Rh3 Nh4 22.Qg1 Nxf3
23.Qg3 {#r} 1-0

[Event "Memorial J.Capablanca"]
[Site "masterchessopen.com Habana (Cuba)"]
[Round "0"]
[White "Donner Jan-Hein (NED)"]
[Black "Troianescu Octav (ROM)"]
[Result "0-1"]
[WhiteElo "2500"]
[BlackElo "2330"]

1.d4 Nf6 2.c4 e6 3.Nc3 Bb4 4.e3 c5 5.Bd3 d5 6.Nf3 O-O 7.O-O Nc6 8.a3 Bxc3
9.bxc3 Qc7 10.cxd5 exd5 11.Nh4 Re8 12.f3 Na5 13.Ra2 cxd4 14.cxd4 Nc4 15.Re2 b5
16.e4 dxe4 17.fxe4 Bg4 18.Nf3 Qb6 19.Kh1 Rac8 20.Ree1 Nd7 21.e5 Nf8 22.Qe2 Bh5
23.Bf5 Rcd8 24.g4 Bg6 25.Qe4 Ne6 26.Rd1 Rd7 27.d5 Nc7 28.e6 fxe6 29.dxe6 Rxd1
30.Rxd1 Nxe6 31.Bxg6 hxg6 32.Qxg6 Qc6 33.Kg1 Rf8 34.Ng5 Qc5+ 35.Kh1 Nxg5
36.Qxg5 Ne5 37.Qe3 Qc6+ 38.Kg1 Nf3+ 39.Kg2 {#R} 0-1

[Event "Ch URS (1/2 final)"]
[Site "masterchessopen.com Perm (Russia)"]
[Round "0"]
[White "Donchenko Oleg I (RUS)"]
[Black "Krogius Nikolai V (RUS)"]
[Result "0-1"]
[WhiteElo "2309"]
[BlackElo "2575"]

1.d4 Nf6 2.c4 e6 3.Nc3 Bb4 4.e3 O-O 5.Bd3 c5 6.Nf3 d5 7.O-O Nc6 8.a3 Bxc3
9.bxc3 Qc7 10.cxd5 exd5 11.Nh4 c4 12.Bc2 Ne4 13.Qe1 Qe7 14.g3 Bh3 15.Ng2 f5
16.f3 Nd6 17.a4 Rae8 18.Rf2 Bxg2 19.Kxg2 Rf6 20.Re2 Re6 21.Qf2 b5 22.axb5 Nxb5
23.Qe1 Qf7 24.Rb1 a6 25.Ra1 Qh5 26.Bd1 Qg6 27.Raa2 h5 28.Bc2 Qf7 29.Qd2 h4
30.e4 dxe4 31.fxe4 fxe4 32.Re3 hxg3 33.hxg3 Rh6 34.Qe2 Ncxd4 35.cxd4 Nxd4
36.Qg4 Rf8 37.Qf4 Qh5 38.Qxh6 gxh6 39.Bxe4 Qd1 {#R} 0-1

[Event "?"]
[Site "masterchessopen.com URS"]
[Round "0"]
[White "Cherepkov Alexander V (RUS)"]
[Black "Osnos Viatcheslav (RUS)"]
[Result "0-1"]
[WhiteElo "2400"]
[BlackElo "2540"]

1.d4 Nf6 2.c4 e6 3.Nc3 Bb4 4.e3 O-O 5.Bd3 d5 6.Nf3 c5 7.O-O Nc6 8.a3 Bxc3
9.bxc3 Qc7 10.Bb2 dxc4 11.Bxc4 b6 12.Qe2 e5 13.h3 Bb7 14.Rac1 Rad8 15.Ba2 Qe7
16.Rfd1 e4 17.Nh2 Rd6 18.Nf1 Rfd8 19.Ng3 Qd7 20.Bb1 Na5 21.Bc2 c4 22.a4 Re8
23.Ba3 Rd5 24.Bb4 h5 25.Bxa5 Rxa5 26.Qxc4 h4 27.Nf1 Ba6 28.Qa2 Rg5 29.Bb3 Qxh3
30.Bxf7+ Kf8 31.Ng3 Qg4 32.Bxe8 Kxe8 33.c4 hxg3 34.Rf1 Rh5 35.fxg3 Qxg3 36.Qa3
Qh2+ 37.Kf2 Rg5 38.Ke1 Qg3+ {#R} 0-1

[Event "Memorial A.Sokolsky"]
[Site "masterchessopen.com Minsk (Belarus)"]
[Round "0"]
[White "Korelov Alexander P (RUS)"]
[Black "Roizman Abram Y (BLR)"]
[Result "0-1"]
[WhiteElo "2375"]
[BlackElo "2315"]

1.d4 Nf6 2.c4 e6 3.Nc3 Bb4 4.e3 c5 5.Bd3 Nc6 6.Nf3 d5 7.O-O O-O 8.a3 Bxc3
9.bxc3 Qc7 10.cxd5 exd5 11.Nh4 Ne7 12.g3 Bh3 13.Re1 Qd7 14.f3 Ng6 15.Ng2 Bf5
16.a4 Rfc8 17.Re2 cxd4 18.cxd4 Bxd3 19.Qxd3 Rc4 20.a5 Rac8 21.Bd2 h5 22.Ne1
Nh7 23.Rb1 R8c7 24.Rg2 Ne7 25.Rb3 Nf6 26.Qb1 Nc6 27.Nd3 Qe7 28.Nc5 Nxa5
29.Bxa5 b6 30.Re2 g6 31.Bb4 bxc5 32.Bxc5 Qe6 33.Rb8+ Kg7 34.Kg2 Nd7 35.Ra8 Rc3
36.Qe1 Qa6 37.Rxa7 Rxa7 38.Bxa7 Rc1 39.Qxc1 Qxe2+ 40.Kg1 Qxf3 41.Bc5 Nf6
42.Qe1 {#R} 0-1

[Event "Ch Switzerland"]
[Site "masterchessopen.com Zurich (Switzerland)"]
[Round "0"]
[White "Lombard Andre (SUI)"]
[Black "Langeweg Kick (NED)"]
[Result "1-0"]
[WhiteElo "2350"]
[BlackElo "2410"]

1.d4 Nf6 2.c4 e6 3.Nc3 Bb4 4.e3 O-O 5.Bd3 c5 6.Nf3 d5 7.O-O Nc6 8.a3 Bxc3
9.bxc3 Qc7 10.cxd5 exd5 11.Nh4 c4 12.Bc2 Ne4 13.Qe1 Qe7 14.g3 Bh3 15.Ng2 f5
16.f3 Nd6 17.a4 Rae8 18.Ba3 Bxg2 19.Kxg2 Rf6 20.e4 fxe4 21.fxe4 dxe4 22.Qe2
Kh8 23.Rxf6 gxf6 24.Rf1 Qe6 25.d5 Qxd5 26.Rd1 Qe5 27.Rxd6 Qxc3 28.Bc5 a5
29.Bd1 Qe5 30.Qxc4 e3 31.Be2 Qf5 32.Qf7 {#r} 1-0

[Event "Ch Switzerland"]
[Site "masterchessopen.com Zurich (Switzerland)"]
[Round "0"]
[White "Unzicker Wolfgang (GER)"]
[Black "Keller Dieter (SUI)"]
[Result "1-0"]
[WhiteElo "2535"]
[BlackElo "2359"]

1.Nf3 Nf6 2.c4 e6 3.Nc3 d5 4.d4 Bb4 5.e3 O-O 6.Bd3 c5 7.O-O Nc6 8.a3 Bxc3
9.bxc3 Qc7 10.cxd5 exd5 11.a4 Re8 12.Ba3 c4 13.Bc2 Ne4 14.Qe1 Re6 15.Nh4 Qd8
16.f3 Nd2 17.Qxd2 Qxh4 18.e4 Rh6 19.g3 Qd8 20.Rae1 Be6 21.Qd1 Qd7 22.Rf2 f5
23.e5 g5 24.Qb1 f4 25.gxf4 gxf4 26.Rg2+ Kh8 27.Kh1 Qf7 28.Reg1 b6 29.Qc1 Rh4
30.Rg5 Ne7 31.Qe1 Rh3 32.Qf2 Nf5 33.Bxf5 Bxf5 34.Be7 Qxe7 35.Rxf5 Rf8 36.Rfg5
Qe6 37.Qg2 Rh6 38.Rh5 {#r} 1-0

[Event "?"]
[Site "masterchessopen.com Hastings (England)"]
[Round "0"]
[White "Lim Seng-Hoo (SIN)"]
[Black "Tisdall Jonathan D (NOR)"]
[Result "0-1"]
[WhiteElo "2440"]
[BlackElo "2390"]

1.d4 Nf6 2.c4 e6 3.Nc3 Bb4 4.e3 O-O 5.Bd3 d5 6.Nf3 c5 7.O-O Nc6 8.a3 Bxc3
9.bxc3 Qc7 10.Bb2 dxc4 11.Bxc4 e5 12.Be2 Rd8 13.Qc2 Bg4 14.dxe5 Nxe5 15.c4
Nxf3+ 16.gxf3 Bh3 17.Rfd1 Qc6 18.Rxd8+ Rxd8 19.Kh1 Rd6 20.Qc3 Nh5 21.Qe5 Bg4
22.e4 f6 23.Qc3 Nf4 24.Bf1 Rd3 25.Bxd3 Bxf3+ 26.Kg1 Qd7 27.Kf1 Nxd3 {#R} 0-1

[Event "?"]
[Site "masterchessopen.com Polanica Zdroj (Poland)"]
[Round "6"]
[White "Knaak Rainer (GER)"]
[Black "Averbakh Yuri L (RUS)"]
[Result "0-1"]
[WhiteElo "2520"]
[BlackElo "2530"]

1.d4 Nf6 2.c4 e6 3.Nc3 Bb4 4.e3 O-O 5.Bd3 d5 6.Nf3 c5 7.O-O Nc6 8.a3 Bxc3
9.bxc3 Qc7 10.cxd5 exd5 11.Nh4 Ne7 12.g3 Bh3 13.Re1 Ng6 14.Ng2 Qd7 15.f3 Bf5
16.Bxf5 Qxf5 17.g4 Qc8 18.g5 Ne8 19.a4 Nd6 20.Ba3 Nf5 21.Bxc5 Re8 22.e4 Nfh4
23.Re3 Nxg2 24.Kxg2 b6 25.Bd6 Nh4+ 26.Kf2 Qe6 27.Bf4 dxe4 28.fxe4 f6 29.Kg1
Ng6 30.Bg3 f5 31.Re1 f4 32.Bf2 Qh3 33.Qe2 f3 34.Qf1 Qg4+ 35.Bg3 Nf4 36.Kh1 Ne2
37.Be5 Qxe4 38.Qf2 Rac8 39.Ra3 Rf8 40.Bg3 Rf5 41.Be5 Rxg5 42.c4 Rf8 43.Bg3
Nxg3+ 44.hxg3 Qg4 {#R} 0-1

[Event "?"]
[Site "masterchessopen.com Torremolinos (Spain)"]
[Round "0"]
[White "Fraguela Gil Jose M (ESP)"]
[Black "Byrne Robert E (USA)"]
[Result "0-1"]
[WhiteElo "2380"]
[BlackElo "2540"]

1.d4 Nf6 2.c4 e6 3.Nc3 Bb4 4.e3 O-O 5.Bd3 c5 6.Nf3 d5 7.O-O Nc6 8.a3 Bxc3
9.bxc3 Qc7 10.Qe2 dxc4 11.Bxc4 e5 12.Nxe5 Nxe5 13.dxe5 Qxe5 14.f3 Bd7 15.a4
Qxc3 16.Bb2 Qa5 17.Bxf6 gxf6 18.Rfd1 Qc7 19.Qb2 Kg7 20.Rd5 h6 21.Rh5 Rae8
22.Rd1 Bxa4 23.Rdd5 Qb6 24.Qc3 Qb1+ 25.Bf1 Bb5 {#R} 0-1

[Event "Zt"]
[Site "masterchessopen.com Praia da Rocha (Italy)"]
[Round "0"]
[White "Toth Bela (ITA)"]
[Black "Tatai Stefano (ITA)"]
[Result "0-1"]
[WhiteElo "2345"]
[BlackElo "2455"]

1.d4 Nf6 2.c4 e6 3.Nc3 Bb4 4.e3 O-O 5.Bd3 c5 6.Nf3 d5 7.O-O Nc6 8.a3 Bxc3
9.bxc3 Qc7 10.h3 Na5 11.cxd5 exd5 12.dxc5 Qxc5 13.a4 Qc7 14.Ba3 Re8 15.Bb4 Rd8
16.Bxa5 Qxa5 17.Qc1 Be6 18.Qa3 Rac8 19.Rfc1 Rd7 20.Nd4 a6 21.c4 Rdc7 22.cxd5
Bxd5 23.Rxc7 Qxc7 24.Bf1 g6 25.Ne2 Qe5 26.Rc1 Rxc1 27.Qxc1 Ne4 28.Qc8+ Kg7
29.Nf4 Bc6 30.Bxa6 Qa1+ 31.Kh2 Nxf2 32.Bd3 Qh1+ 33.Kg3 Qxg2+ 34.Kh4 {#R} 0-1

[Event "Spartakiada URS"]
[Site "masterchessopen.com Krasnodar (Russia)"]
[Round "0"]
[White "Vaisser Anatoly (FRA)"]
[Black "Zilberstein Valery I (RUS)"]
[Result "0-1"]
[WhiteElo "2536"]
[BlackElo "2251"]

1.d4 Nf6 2.c4 e6 3.Nc3 Bb4 4.e3 O-O 5.Bd3 c5 6.Nf3 d5 7.O-O Nc6 8.a3 Bxc3
9.bxc3 Qc7 10.cxd5 exd5 11.Nh4 c4 12.Bb1 Ne4 13.Qc2 Qe7 14.f3 Qxh4 15.fxe4
Qxe4 16.Qxe4 dxe4 17.Bxe4 Bd7 18.Bf3 Rac8 19.e4 Na5 20.Bf4 Rc6 21.Ra2 Ra6
22.h3 Re8 23.g4 Nb3 24.Kg2 Bc6 25.Re1 b5 26.Ree2 Bb7 27.e5 Bxf3+ 28.Kxf3 Kf8
29.Ke4 f6 30.Rf2 Ke7 31.Rf1 Kd7 32.g5 Re7 33.gxf6 gxf6 34.Rg1 fxe5 35.Bxe5 Rh6
36.Rag2 Ke6 37.Rg7 Rh4+ 38.Bf4 Nd2+ 39.Ke3 Rxg7 40.Rxg7 Nb1 41.Kf3 Rxh3+
42.Kg4 Rh1 43.Rxa7 h5+ 44.Kg3 Nxc3 45.Bd2 Ne4+ 46.Kg2 Nxd2 47.Kxh1 c3 48.Rc7
Nc4 49.Rg7 c2 50.Rg1 Kd5 {#R} 0-1

[Event "It"]
[Site "masterchessopen.com Eksjo (Sweden)"]
[Round "4"]
[White "Trincardi Tullio (ITA)"]
[Black "Ornstein Axel (SWE)"]
[Result "0-1"]
[WhiteElo "2235"]
[BlackElo "2413"]

1.d4 Nf6 2.c4 e6 3.Nc3 Bb4 4.e3 c5 5.Bd3 d5 6.Nf3 O-O 7.O-O Nc6 8.a3 Bxc3
9.bxc3 Qc7 10.cxd5 exd5 11.c4 cxd4 12.cxd5 Nxd5 13.Bb2 dxe3 14.Ng5 h6 15.Bh7+
Kh8 16.Qh5 f6 17.fxe3 Ne5 18.h3 Nxe3 19.Be4 Nxf1 20.Rxf1 Qb6+ 21.Rf2 fxg5 {#R}
0-1

[Event "It (b)"]
[Site "masterchessopen.com Amsterdam (Netherlands)"]
[Round "0"]
[White "Formanek Edward W (USA)"]
[Black "Enklaar Bertus F (NED)"]
[Result "0-1"]
[WhiteElo "2400"]
[BlackElo "2395"]

1.d4 Nf6 2.c4 e6 3.Nc3 Bb4 4.e3 O-O 5.Nf3 c5 6.Bd3 d5 7.O-O Nc6 8.a3 Bxc3
9.bxc3 Qc7 10.Qe2 Bd7 11.Bb2 Rab8 12.cxd5 exd5 13.c4 dxc4 14.Bxc4 b5 15.Ba2 c4
16.Rfd1 Ne7 17.d5 Ng6 18.d6 Qd8 19.Ne5 Re8 20.Nxg6 hxg6 21.f3 Be6 22.e4 Rb7
23.Qe3 Nd7 24.Rac1 f6 25.g4 g5 26.Kg2 Ne5 27.Bb1 a6 28.h4 gxh4 29.g5 Kf7
30.Kh1 Qb6 31.Bd4 Qxd6 32.gxf6 gxf6 33.Qh6 Rg8 34.Qh5+ Rg6 35.Bc3 Qf8 36.Bxe5
fxe5 37.Qxe5 Qg7 38.Qxg7+ Kxg7 39.f4 Bg4 40.Kh2 Bxd1 41.Rxd1 {#R} 0-1

[Event "?"]
[Site "masterchessopen.com URS"]
[Round "0"]
[White "Shashin Alexsander A (RUS)"]
[Black "Osnos Viatcheslav (RUS)"]
[Result "1-0"]
[WhiteElo "2350"]
[BlackElo "2384"]

1.d4 Nf6 2.c4 e6 3.Nc3 Bb4 4.e3 O-O 5.Bd3 d5 6.Nf3 c5 7.O-O Nc6 8.a3 Bxc3
9.bxc3 Qc7 10.cxd5 exd5 11.Nh4 Ne7 12.g3 Bh3 13.Re1 Ng6 14.Ng2 Qd7 15.f3 Bf5
16.Bf1 cxd4 17.g4 Be6 18.cxd4 Ne8 19.h4 f5 20.g5 Nd6 21.Ra2 Rfc8 22.h5 Nf8
23.Nf4 Rc6 24.Rg2 Qc7 25.Bd2 a5 26.Kh1 Nc4 27.Bd3 Nb2 28.Qb1 Nxd3 29.Qxd3 g6
30.Qb5 Qd6 31.Bxa5 Qxa3 32.Bd2 Qa6 33.Rb1 gxh5 34.Nxh5 Rc2 35.Nf6+ Kh8 36.Qb4
Qd3 37.Qxb7 Qa6 38.Qb4 Bf7 39.Qe7 Qe6 40.Rb7 Ra1+ 41.Kh2 Qxe7 {#r} 1-0

[Event "It (open)"]
[Site "masterchessopen.com Biel (Switzerland)"]
[Round "7"]
[White "Scheeren Peter (NED)"]
[Black "Karsa Laszlo (HUN)"]
[Result "0-1"]
[WhiteElo "2415"]
[BlackElo "2346"]

1.d4 Nf6 2.c4 e6 3.Nc3 Bb4 4.e3 O-O 5.Bd3 c5 6.Nf3 d5 7.O-O Nc6 8.a3 Bxc3
9.bxc3 Qc7 10.cxd5 exd5 11.Nh4 c4 12.Bc2 Ne4 13.Bb2 f5 14.f3 Nd6 15.g3 b5
16.Bc1 Be6 17.Bd2 a5 18.Rf2 Rab8 19.Qe1 Qd7 20.Ng2 Rfe8 21.Rb1 Ne7 22.h3 Ng6
23.Re2 Rf8 24.Qf2 Qc6 25.Nf4 Bd7 26.Nxg6 hxg6 27.Qg2 Rbe8 28.g4 Re7 29.Ree1
Rfe8 30.Qg3 Nf7 31.Kf2 Qf6 32.Kg2 Re6 33.gxf5 gxf5 34.Kf2 Nd6 35.Rg1 f4 36.Qg6
Qh4+ {#R} 0-1

[Event "corr."]
[Site "masterchessopen.com DDR"]
[Round "0"]
[White "Berndt Klaus (GER)"]
[Black "Neubert Gerhard (GER)"]
[Result "0-1"]
[WhiteElo "2164"]
[BlackElo "1990"]

1.d4 Nf6 2.c4 e6 3.Nc3 Bb4 4.e3 c5 5.Bd3 Nc6 6.Nf3 d5 7.O-O O-O 8.a3 Bxc3
9.bxc3 Qc7 10.cxd5 exd5 11.Nh4 Ne7 12.g3 Bh3 13.Re1 Ng6 14.Ng2 c4 15.Bc2 Ne4
16.Bb2 f5 17.Nf4 Nxf4 18.exf4 Qb6 19.Rb1 Qg6 20.Re3 Rae8 21.Qe1 Nf6 22.Ba4
Rxe3 23.Qxe3 Ne4 24.Bc1 Rb8 25.Rb2 Qa6 26.Bb5 Qxa3 27.f3 Nf6 28.Bc6 Qa1
29.Rxb7 Rxb7 30.Bxb7 Qa4 31.Qe2 Kf7 32.Qd2 a5 33.Kf2 Qb3 34.Bc6 a4 35.Ke1 a3
36.Ke2 Ke7 37.Qe3+ Kd8 38.Qe5 a2 39.Qd6+ Kc8 40.Ba3 Qc2+ {#R} 0-1

[Event "?"]
[Site "masterchessopen.com URS"]
[Round "0"]
[White "Vaisser Anatoly (FRA)"]
[Black "Makarichev Sergey (RUS)"]
[Result "0-1"]
[WhiteElo "2490"]
[BlackElo "2505"]

1.d4 Nf6 2.c4 e6 3.Nc3 Bb4 4.e3 O-O 5.Bd3 d5 6.Nf3 c5 7.O-O Nc6 8.a3 Bxc3
9.bxc3 Qc7 10.cxd5 exd5 11.Nh4 Qa5 12.Bb2 Re8 13.Qe1 Qd8 14.Rd1 cxd4 15.cxd4
Ne4 16.f3 Nd6 17.g4 Bd7 18.Ng2 Na5 19.Qe2 Rc8 20.e4 Nac4 21.Ba1 Ba4 22.Rde1
Bb5 23.Nf4 dxe4 24.fxe4 Nxe4 25.Bxe4 Nd6 26.Bxh7+ Kxh7 27.Qf3 Bxf1 28.Rxf1 Qe7
29.Ng2 Qe4 30.Qh3+ Kg8 31.d5 Rc2 {#R} 0-1